00522nam a22001817a 450000500170000000800410001702000180005804000210007604100080009708200160010510000270012124500520014825000120020026000320021230000100024465000450025465000410029920260515115044.0240928b |||||||| |||| 00| 0 eng d a9789355016577 aIN-DiNCcIN-DiNC deng a954.03bSIN aSingh, Brijesheauthor aComprehensive modern history/cby Brijesh Singh a1st ed. aNew Delhi:bS chand,c2023. a406p. aIndian history from 1707 to modern times aIndian history for competitive exams